[Event "Titled Tuesday intern op 06th Feb Early"]
[Site "Chess.com INT"]
[Date "2024.02.06"]
[Round "2"]
[White "Pranav, V."]
[Black "Centron Antuna, Daniel"]
[Result "1-0"]
[WhiteElo "2611"]
[BlackElo "2212"]
[PlyCount "179"]
[EventDate "2024.02.06"]
[EventType "swiss (blitz)"]
[EventRounds "11"]
[EventCountry "USA"]
[SourceTitle "CB07_2024"]
[SourceDate "2024.02.14"]
[SourceVersion "1"]
[SourceVersionDate "2024.02.14"]
[SourceQuality "1"]

1. e4 c5 2. Nf3 d6 3. Bb5+ Nd7 4. c4 g6 5. Nc3 Bg7 6. 0-0 Ngf6 7. d4 cxd4 8. Nxd4 0-0 9. Bxd7 Bxd7 10. Qd3 Rc8 11. b3 a6 12. a4 Qa5 13. h3 b5 14. Be3 bxc4 15. bxc4 Qc7 16. Nd5 Nxd5 17. cxd5 Qc4 18. Qd1 e6 19. dxe6 fxe6 20. a5 d5 21. Rc1 Qa2 22. Ra1 Qc4 23. Rc1 Qa2 24. exd5 Qxd5 25. Nf3 Bb5 26. Re1 Bb2 27. Rxc8 Rxc8 28. Qb1 Bg7 29. Rd1 Qf5 30. Qa2 Bc4 31. Qd2 Bd5 32. Nd4 Qe4 33. f3 Qe5 34. Ne2 h5 35. Bd4 Qf5 36. Bxg7 Kxg7 37. Nd4 Qf6 38. Ne2 Rc5 39. Qe3 Rb5 40. Qa7+ Qf7 41. Qxa6 Bc4 42. Nc3 Rc5 43. Qd6 Rxa5 44. Qd4+ e5 45. Qb6 Ra3 46. Ne4 Qf8 47. Rd7+ Kh6 48. Qb2 Re3 49. Qd2 Qf4 50. h4 Rxe4 51. fxe4 Qxd2 52. Rxd2 g5 53. g3 gxh4 54. gxh4 Kg6 55. Kf2 Kf6 56. Ke3 Be6 57. Rd6 Ke7 58. Ra6 Kf6 59. Ra5 Bg4 60. Kd3 Be6 61. Kc3 Bg4 62. Kc4 Be6+ 63. Kc5 Ke7 64. Ra7+ Kf6 65. Kd6 Bg4 66. Re7 Bf3 67. Rxe5 Kg6 68. Kd5 Bg4 69. Kd4 Kf6 70. Rg5 Bf3 71. Ke3 Bg4 72. Kf4 Be2 73. e5+ Ke6 74. Rg6+ Kf7 75. Rf6+ Ke7 76. Kg5 Kd7 77. Rh6 Ke7 78. Rxh5 Ke6 79. Rh8 Bd3 80. Kf4 Kf7 81. Rh6 Kg7 82. Rf6 Bg6 83. Kg5 Bf7 84. h5 Bg8 85. h6+ Kh8 86. e6 Kh7 87. e7 Kh8 88. e8Q Kh7 89. Rg6 Kh8 90. Qxg8# 1-0

[Event "Titled Tuesday intern op 06th Feb Early"]
[Site "Chess.com INT"]
[Date "2024.02.06"]
[Round "8"]
[White "Subramanian, Anusha"]
[Black "Centron Antuna, Daniel"]
[Result "0-1"]
[WhiteElo "2013"]
[BlackElo "2212"]
[PlyCount "100"]
[EventDate "2024.02.06"]
[EventType "swiss (blitz)"]
[EventRounds "11"]
[EventCountry "USA"]
[SourceTitle "CB07_2024"]
[SourceDate "2024.02.14"]
[SourceVersion "1"]
[SourceVersionDate "2024.02.14"]
[SourceQuality "1"]

1. e4 c5 2. Nf3 d6 3. d4 cxd4 4. Nxd4 Nf6 5. Nc3 a6 6. f3 b5 7. Be3 Bb7 8. Qd2 Nbd7 9. g4 b4 10. Nce2 Ne5 11. Ng3 Qa5 12. g5 Nfd7 13. f4 Ng4 14. Nb3 Qc7 15. 0-0-0 a5 16. Be2 Nxe3 17. Qxe3 g6 18. f5 Bg7 19. Kb1 a4 20. Nd4 0-0 21. Nb5 Qc5 22. Qxc5 Nxc5 23. f6 exf6 24. gxf6 Bxf6 25. Nxd6 Bc6 26. Rhf1 Be5 27. Nc4 Bxg3 28. hxg3 Bxe4 29. Nd6 b3 30. Nxe4 Nxe4 31. axb3 Nxg3 32. Rf2 axb3 33. cxb3 Rad8 34. Rxd8 Rxd8 35. Bc4 Nf5 36. b4 Rd4 37. b3 h5 38. b5 Rd6 39. Rg2 h4 40. Kc2 Ne3+ 41. Kc3 Nxg2 42. Kb4 h3 43. Kc5 Rd8 44. b6 h2 45. b7 h1Q 46. Kb6 Qg1+ 47. Kc7 Qd4 48. b8Q Qd6+ 49. Kb7 Rxb8+ 50. Ka7 Qb6# 0-1

[Event "Titled Tuesday intern op 24th Oct Late"]
[Site "Chess.com INT"]
[Date "2023.10.24"]
[Round "10"]
[White "Hajiyev, Kanan"]
[Black "Centron Antuna, Daniel"]
[Result "0-1"]
[WhiteElo "2113"]
[BlackElo "2277"]
[PlyCount "124"]
[EventDate "2023.10.24"]
[EventType "swiss (blitz)"]
[EventRounds "11"]
[EventCountry "USA"]
[SourceTitle "Mega2024 Update 01"]
[Source "Chessbase"]
[SourceDate "2023.11.12"]
[SourceVersion "1"]
[SourceVersionDate "2023.11.12"]
[SourceQuality "1"]

1. d4 Nf6 2. Nf3 d5 3. c4 dxc4 4. Nbd2 c5 5. Nxc4 cxd4 6. Nxd4 g6 7. Bf4 Bg7 8. e3 0-0 9. Be2 Nd5 10. Bg3 Re8 11. 0-0 e5 12. Nb5 Nc6 13. Ncd6 Be6 14. Nxe8 Qxe8 15. e4 Nf4 16. Nc7 Qc8 17. Nxa8 Qxa8 18. b3 Nd4 19. Bxf4 exf4 20. f3 a5 21. Bc4 Qa7 22. Kh1 Bd7 23. Bd5 Bb5 24. Rc1 Bxf1 25. Rc8+ Bf8 26. Qxf1 b5 27. Qc1 Ne2 28. Qd1 Qf2 29. Rc2 Ng3+ 30. hxg3 Qxg3 31. Rc7 Bd6 32. Bxf7+ Kg7 33. Rd7 Qh4+ 34. Kg1 Bc5+ 35. Rd4 Kxf7 36. Kf1 Qh1+ 37. Ke2 Qxg2+ 38. Kd3 Bxd4 39. Kxd4 Qf2+ 40. Ke5 Qc5+ 41. Kxf4 Qc7+ 42. e5 Ke6 43. Qd4 Qc1+ 44. Ke4 Qe1+ 45. Kf4 Qh4+ 46. Ke3 Qxd4+ 47. Kxd4 h5 48. f4 h4 49. Ke4 h3 50. Kf3 g5 51. fxg5 Kxe5 52. Kg3 Kf5 53. Kxh3 Kxg5 54. Kg3 Kf5 55. Kf3 Ke5 56. Ke3 Kd5 57. Kd3 Kc5 58. a3 Kd5 59. b4 a4 60. Kd2 Kd4 61. Kc2 Kc4 62. Kc1 Kb3 0-1

[Event "Titled Tuesday intern op 26th Sep Late"]
[Site "Chess.com INT"]
[Date "2023.09.26"]
[Round "3"]
[White "Centron Antuna, Daniel"]
[Black "Harriott, Tyrell"]
[Result "1-0"]
[WhiteElo "2303"]
[BlackElo "1778"]
[PlyCount "83"]
[EventDate "2023.09.26"]
[EventType "swiss (blitz)"]
[EventRounds "11"]
[EventCountry "USA"]
[SourceTitle "EXT 2024"]
[Source "ChessBase"]
[SourceDate "2023.10.10"]
[SourceVersion "1"]
[SourceVersionDate "2023.10.10"]
[SourceQuality "1"]

1. d4 e6 2. Nf3 d5 3. c4 c6 4. Nc3 f5 5. Bf4 Ne7 6. e3 Ng6 7. Bg3 Be7 8. Ne5 Nxe5 9. Bxe5 0-0 10. Be2 Nd7 11. Bg3 Nf6 12. Qb3 Kh8 13. h4 b6 14. h5 h6 15. Rc1 Bb7 16. cxd5 exd5 17. Be5 Nd7 18. Bf4 Bf6 19. Bf3 Re8 20. Qc2 Bxd4 21. Qxf5 Nf6 22. Qg6 Qe7 23. 0-0 Be5 24. Ne2 c5 25. Bxe5 Qxe5 26. Nf4 Kg8 27. b4 Rac8 28. bxc5 bxc5 29. Rfd1 Red8 30. Rd2 Ba8 31. Rdc2 c4 32. Rd1 d4 33. Bxa8 d3 34. Rcc1 Rxa8 35. Rxc4 d2 36. Qc2 Rab8 37. Rc5 Qd6 38. Rc6 Qe5 39. Qc4+ Kh7 40. Re6 Qb2 41. Nd3 Qa3 42. Rxf6 1-0

[Event "Titled Tuesday intern op 26th Sep Early"]
[Site "Chess.com INT"]
[Date "2023.09.26"]
[Round "1"]
[White "Centron Antuna, Daniel"]
[Black "Odeh, Kenneth"]
[Result "1-0"]
[WhiteElo "2303"]
[BlackElo "1932"]
[PlyCount "31"]
[EventDate "2023.09.26"]
[EventType "swiss (blitz)"]
[EventRounds "11"]
[EventCountry "USA"]
[SourceTitle "EXT 2024"]
[Source "ChessBase"]
[SourceDate "2023.10.10"]
[SourceVersion "1"]
[SourceVersionDate "2023.10.10"]
[SourceQuality "1"]

1. d4 Nf6 2. Nf3 d5 3. c4 c6 4. Nc3 g6 5. Bg5 Bg7 6. e3 0-0 7. Rc1 Bg4 8. h3 Bxf3 9. Qxf3 dxc4 10. Bxc4 Nbd7 11. 0-0 Nb6 12. Bb3 Nbd5 13. e4 Nxc3 14. bxc3 Nd7 15. Rfe1 e6 16. Bxd8 1-0

[Event "Titled Tuesday intern op 26th Sep Late"]
[Site "Chess.com INT"]
[Date "2023.09.26"]
[Round "4"]
[White "Centron Antuna, Daniel"]
[Black "Rasulov, Vugar Ural Oglu"]
[Result "0-1"]
[WhiteElo "2303"]
[BlackElo "2538"]
[PlyCount "98"]
[EventDate "2023.09.26"]
[EventType "swiss (blitz)"]
[EventRounds "11"]
[EventCountry "USA"]
[SourceTitle "EXT 2024"]
[Source "ChessBase"]
[SourceDate "2023.10.10"]
[SourceVersion "1"]
[SourceVersionDate "2023.10.10"]
[SourceQuality "1"]

1. d4 Nf6 2. Nf3 d5 3. c4 c6 4. Nc3 e6 5. e3 Nbd7 6. Bd3 dxc4 7. Bxc4 b5 8. Bd3 a6 9. Qc2 c5 10. 0-0 Bb7 11. Rd1 Qb6 12. Be2 Rc8 13. a3 Be7 14. Bd2 0-0 15. Rac1 Rfd8 16. Be1 cxd4 17. exd4 h6 18. h3 Nf8 19. Bd2 Ng6 20. Be3 Nd5 21. Nxd5 Bxd5 22. Qd2 Qb7 23. Rxc8 Rxc8 24. Rc1 Bd6 25. Rxc8+ Qxc8 26. Ne1 Qc6 27. Bf3 Ne7 28. Qd1 Bxf3 29. Nxf3 Nd5 30. Qd2 Qc4 31. g3 a5 32. Ne5 Bxe5 33. dxe5 b4 34. axb4 axb4 35. Qd4 Qe2 36. Bd2 b3 37. Bc3 Qf3 38. Bd2 Qf5 39. Kg2 Qc2 40. Bf4 Kh7 41. h4 Nc3 42. Qd7 Nd1 43. Qxf7 Qxf2+ 44. Kh3 Qf1+ 45. Kh2 Qe2+ 46. Kg1 Qg4 47. h5 Nxb2 48. Qe7 Nd3 49. Qa3 Qd1+ 0-1

[Event "Titled Tuesday intern op 26th Sep Late"]
[Site "Chess.com INT"]
[Date "2023.09.26"]
[Round "9"]
[White "Centron Antuna, Daniel"]
[Black "Weisz, Bryan"]
[Result "0-1"]
[WhiteElo "2303"]
[BlackElo "1985"]
[PlyCount "100"]
[EventDate "2023.09.26"]
[EventType "swiss (blitz)"]
[EventRounds "11"]
[EventCountry "USA"]
[SourceTitle "EXT 2024"]
[Source "ChessBase"]
[SourceDate "2023.10.10"]
[SourceVersion "1"]
[SourceVersionDate "2023.10.10"]
[SourceQuality "1"]

1. d4 g6 2. Nf3 Bg7 3. h4 Nf6 4. Nc3 d5 5. Bg5 Ne4 6. e3 c5 7. Bb5+ Nc6 8. Ne5 Nxc3 9. bxc3 Qa5 10. Bxc6+ bxc6 11. 0-0 f6 12. Nxc6 Qc7 13. Nxe7 Qxe7 14. Bf4 Be6 15. c4 0-0 16. cxd5 Bxd5 17. Qd3 cxd4 18. Qxd4 Qe4 19. Qxe4 Bxe4 20. c4 Rfc8 21. Rac1 Bd3 22. Rfd1 Rxc4 23. Rxc4 Bxc4 24. a4 Bb3 25. Rd4 a5 26. Bc7 f5 27. Rf4 Rc8 28. Bxa5 Rc1+ 29. Kh2 Be5 30. Bd2 Bxf4+ 31. exf4 Rc2 32. Be3 Bxa4 33. h5 gxh5 34. Kg3 Bc6 35. Kh4 Bxg2 36. Kxh5 Be4 37. Kh6 Ra2 38. Kg5 Ra1 39. Kf6 Rg1 40. Ke5 h5 41. Bd4 h4 42. f3 Re1 43. Bf2 h3 44. Bxe1 h2 45. fxe4 h1Q 46. Kxf5 Qxe1 47. e5 Kf7 48. Kg5 Qe4 49. Kg4 Ke6 50. Kg5 Qf5+ 0-1

[Event "Titled Tuesday intern op 26th Sep Early"]
[Site "Chess.com INT"]
[Date "2023.09.26"]
[Round "5"]
[White "Klukin, Kirill"]
[Black "Centron Antuna, Daniel"]
[Result "0-1"]
[WhiteElo "2390"]
[BlackElo "2303"]
[PlyCount "144"]
[EventDate "2023.09.26"]
[EventType "swiss (blitz)"]
[EventRounds "11"]
[EventCountry "USA"]
[SourceTitle "EXT 2024"]
[Source "ChessBase"]
[SourceDate "2023.10.10"]
[SourceVersion "1"]
[SourceVersionDate "2023.10.10"]
[SourceQuality "1"]

1. d4 Nf6 2. Nf3 d5 3. c4 dxc4 4. e3 Bg4 5. Bxc4 e6 6. Nc3 Nbd7 7. h3 Bh5 8. g4 Bg6 9. Bf1 c5 10. Bg2 Rc8 11. Nh4 cxd4 12. Qxd4 Bc5 13. Qa4 Bd3 14. g5 Nd5 15. Bd2 Qxg5 16. Qg4 Qxg4 17. hxg4 Nb4 18. Rc1 Ba6 19. Bf1 Bxf1 20. Kxf1 Nd3 21. Rc2 Bb4 22. Ke2 N3e5 23. g5 0-0 24. a3 Ba5 25. Rhc1 a6 26. f4 Nc6 27. Nf3 Ne7 28. b4 Bb6 29. Ne4 Rxc2 30. Rxc2 Rc8 31. Ra2 Nd5 32. Nd6 Nc3+ 33. Bxc3 Rxc3 34. Nd4 Bxd4 35. exd4 Rh3 36. Rc2 Rh2+ 37. Kd3 Rxc2 38. Kxc2 b6 39. Kd3 h5 40. a4 h4 41. Ke4 Kf8 42. Kf3 f5 43. gxf6 Nxf6 44. Nc8 Nd5 45. b5 axb5 46. axb5 Ke8 47. Nd6+ Kd7 48. Nc4 Kc7 49. Kg4 h3 50. Kxh3 Nxf4+ 51. Kg4 Ne2 52. Kg5 Nxd4 53. Kg6 Nxb5 54. Kxg7 Nd6 55. Na3 Kc6 56. Kf6 Kd5 57. Nc2 Ne4+ 58. Kg6 b5 59. Kh5 Nf2 60. Kg5 e5 61. Kf5 Nd1 62. Kg4 Ke4 63. Kg3 Kd3 64. Nb4+ Kc4 65. Nc2 b4 66. Kf3 b3 67. Na3+ Kb4 68. Nb1 Nc3 69. Nd2 b2 70. Ke3 Kc5 71. Kd3 b1Q+ 72. Nxb1 Nxb1 0-1

[Event "Titled Tuesday intern op 26th Sep Late"]
[Site "Chess.com INT"]
[Date "2023.09.26"]
[Round "11"]
[White "Pourkashiyan, Atousa"]
[Black "Centron Antuna, Daniel"]
[Result "0-1"]
[WhiteElo "2288"]
[BlackElo "2303"]
[PlyCount "166"]
[EventDate "2023.09.26"]
[EventType "swiss (blitz)"]
[EventRounds "11"]
[EventCountry "USA"]
[SourceTitle "EXT 2024"]
[Source "ChessBase"]
[SourceDate "2023.10.10"]
[SourceVersion "1"]
[SourceVersionDate "2023.10.10"]
[SourceQuality "1"]

1. e4 d6 2. d4 Nf6 3. Nc3 g6 4. f4 Bg7 5. Nf3 0-0 6. Bd3 c5 7. d5 b5 8. Bxb5 Nxe4 9. Nxe4 Qa5+ 10. Nc3 Bxc3+ 11. bxc3 Qxb5 12. Nd2 Bf5 13. c4 Qa5 14. 0-0 Qc3 15. Nb3 Bxc2 16. Qd2 Qxd2 17. Bxd2 Nd7 18. Na5 Nb6 19. Rfc1 Bd3 20. Rc3 Bf5 21. Nc6 Rfe8 22. Re1 Kf8 23. h3 h5 24. Kf2 Bd7 25. Na5 Rab8 26. Kf3 Na4 27. Rc2 Rb2 28. Rec1 Reb8 29. g4 hxg4+ 30. hxg4 Rxc2 31. Rxc2 Rb2 32. Rxb2 Nxb2 33. Bc3 Na4 34. Bd2 Nb6 35. Be1 Ke8 36. Bh4 Ba4 37. Ke3 Bd1 38. g5 Bc2 39. Be1 Bb1 40. a3 Kd7 41. Kd2 Bf5 42. Kc3 Bg4 43. Nc6 a6 44. Nb8+ Kc8 45. Nc6 e6 46. dxe6 Bxe6 47. Na5 Kc7 48. Bg3 Bf5 49. Nb3 Na4+ 50. Kd2 Be6 51. Kd3 Nb2+ 52. Kc3 Nxc4 53. Nc1 Nxa3 54. Nb3 Nb5+ 55. Kb2 c4 56. Na5 c3+ 57. Kc1 Bf5 58. Bf2 d5 59. Nb3 Kd6 60. Nd4 Nxd4 61. Bxd4 c2 62. Kb2 Kc6 63. Be3 Kb5 64. Kc3 a5 65. Kb3 a4+ 66. Kc3 a3 67. Kb3 a2 68. Kxa2 Kc4 69. Kb2 d4 70. Bd2 Kd3 71. Kc1 Ke2 72. Ba5 Kf2 73. Kd2 Kf3 74. Bc7 Be4 75. Be5 d3 76. Bc7 Bf5 77. Bd6 Ke4 78. Bc7 Kd5 79. Bb8 Kc4 80. Be5 Kb3 81. Kc1 Ka2 82. Bd4 d2+ 83. Kxd2 Kb1 0-1

[Event "Titled Tuesday intern op 19th Sep Late"]
[Site "Chess.com INT"]
[Date "2023.09.19"]
[Round "6"]
[White "Centron Antuna, Daniel"]
[Black "Gerbelli Neto, Eduardo"]
[Result "0-1"]
[WhiteElo "2303"]
[BlackElo "2114"]
[PlyCount "130"]
[EventDate "2023.09.19"]
[EventType "swiss (blitz)"]
[EventRounds "11"]
[EventCountry "USA"]
[SourceTitle "EXT 2024"]
[Source "ChessBase"]
[SourceDate "2023.10.10"]
[SourceVersion "1"]
[SourceVersionDate "2023.10.10"]
[SourceQuality "1"]

1. d4 d5 2. Nf3 Nf6 3. c4 c6 4. Nc3 e6 5. Bg5 dxc4 6. a4 Bb4 7. e3 Qa5 8. Rc1 Ne4 9. Bf4 Nxc3 10. bxc3 Bxc3+ 11. Ke2 b5 12. Qc2 Bb4 13. Ne5 f6 14. Nf3 Nd7 15. h4 Bb7 16. h5 Qxa4 17. Qxa4 bxa4 18. Rxc4 Ba6 19. Kd1 Bxc4 20. Bxc4 Ke7 21. Kc2 Nb6 22. Bd3 Nd5 23. Bg3 a5 24. Ra1 a3 25. e4 Nb6 26. e5 Nd5 27. Be4 Rac8 28. Kb3 Kd7 29. exf6 gxf6 30. h6 Bd6 31. Bxd6 Kxd6 32. Kxa3 Rb8 33. Nd2 Rb4 34. Bxd5 cxd5 35. Nb3 Rc4 36. Re1 a4 37. Nc5 e5 38. Nb7+ Kc7 39. Na5 Rxd4 40. Rc1+ Kb6 41. Nc6 Rc8 42. Nxd4 Rxc1 43. Ne6 Rc2 44. Nf8 Rxf2 45. Nxh7 Rxg2 46. Nxf6 Rh2 47. h7 Kc5 48. Kxa4 d4 49. Kb3 Rh3+ 50. Kc2 Kc4 51. Kd2 Rh2+ 52. Ke1 Kd3 53. Kf1 e4 54. Kg1 Rh6 55. Ng4 Rxh7 56. Nf2+ Ke3 57. Ng4+ Kf4 58. Nf6 Rg7+ 59. Kf1 Rf7 60. Ne8 Ke3+ 61. Ke1 d3 62. Nd6 d2+ 63. Kd1 Rf1+ 64. Kc2 d1Q+ 65. Kb2 Qxd6 0-1

[Event "Titled Tuesday intern op 19th Sep Early"]
[Site "Chess.com INT"]
[Date "2023.09.19"]
[Round "4"]
[White "Centron Antuna, Daniel"]
[Black "Wagner, Dennis"]
[Result "1-0"]
[WhiteElo "2303"]
[BlackElo "2589"]
[PlyCount "167"]
[EventDate "2023.09.19"]
[EventType "swiss (blitz)"]
[EventRounds "11"]
[EventCountry "USA"]
[SourceTitle "EXT 2024"]
[Source "ChessBase"]
[SourceDate "2023.10.10"]
[SourceVersion "1"]
[SourceVersionDate "2023.10.10"]
[SourceQuality "1"]

1. d4 Nf6 2. Nf3 g6 3. c4 Bg7 4. Nc3 0-0 5. Bg5 d6 6. Qd2 Bf5 7. h4 h5 8. Bxf6 exf6 9. e4 Bg4 10. Be2 Re8 11. 0-0-0 a6 12. Ng1 Bxe2 13. Ngxe2 b5 14. f3 bxc4 15. g4 hxg4 16. fxg4 Nc6 17. h5 Nb4 18. hxg6 Nd3+ 19. Kb1 fxg6 20. Nf4 Nxf4 21. Qxf4 Rb8 22. Rh6 g5 23. Qh2 Bxh6 24. Qxh6 Qe7 25. Rh1 Qg7 26. Qh3 c6 27. Rf1 Qg6 28. Qf3 d5 29. Kc1 dxe4 30. Qe2 e3 31. Rf5 Qf7 32. d5 Rbd8 33. Qxc4 cxd5 34. Qxa6 d4 35. Rxf6 Qg7 36. Rg6 dxc3 37. Rxg7+ Kxg7 38. Qb7+ Kf8 39. Qf3+ Kg8 40. Qf6 cxb2+ 41. Kxb2 Rd7 42. Qg6+ Kf8 43. Qf6+ Rf7 44. Qh8+ Ke7 45. Qe5+ Kd8 46. Qxg5+ Rfe7 47. Qd5+ Rd7 48. Qa8+ Ke7 49. Qe4+ Kd8 50. Qa8+ Ke7 51. Qe4+ Kf8 52. Qf4+ Rf7 53. Qh6+ Kg8 54. Qg6+ Kf8 55. Qh6+ Rg7 56. Qf4+ Kg8 57. Qc4+ Rf7 58. g5 e2 59. g6 Rb8+ 60. Kc2 e1N+ 61. Kd1 Rb1+ 62. Ke2 Rbb7 63. gxf7+ Rxf7 64. Kxe1 Kf8 65. Kd2 Rd7+ 66. Kc3 Ke7 67. Qe4+ Kd8 68. Qf5 Kc7 69. Kb4 Rd6 70. Qc5+ Rc6 71. Qe7+ Kb6 72. a4 Ka6 73. a5 Rh6 74. Qe2+ Kb7 75. Qe4+ Ka6 76. Qd3+ Kb7 77. Qb5+ Ka8 78. Qe8+ Kb7 79. Qf7+ Ka6 80. Qc4+ Kb7 81. Qe4+ Ka6 82. Qf3 Rh4+ 83. Kc5 Rh6 84. Qa8# 1-0

[Event "Titled Tuesday intern op 19th Sep Late"]
[Site "Chess.com INT"]
[Date "2023.09.19"]
[Round "3"]
[White "Georg, Heinz"]
[Black "Centron Antuna, Daniel"]
[Result "0-1"]
[WhiteElo "2118"]
[BlackElo "2303"]
[PlyCount "40"]
[EventDate "2023.09.19"]
[EventType "swiss (blitz)"]
[EventRounds "11"]
[EventCountry "USA"]
[SourceTitle "EXT 2024"]
[Source "ChessBase"]
[SourceDate "2023.10.10"]
[SourceVersion "1"]
[SourceVersionDate "2023.10.10"]
[SourceQuality "1"]

1. e4 e6 2. c4 d5 3. cxd5 exd5 4. exd5 Nf6 5. Nc3 Nxd5 6. d4 Be7 7. Bc4 Be6 8. Qb3 Nxc3 9. Bxe6 fxe6 10. bxc3 Qd5 11. Nf3 0-0 12. 0-0 Nc6 13. Re1 Bd6 14. c4 Qh5 15. c5 Rxf3 16. Qxe6+ Rf7 17. cxd6 cxd6 18. Be3 d5 19. Rab1 Raf8 20. Rxb7 Nd8 0-1

[Event "Titled Tuesday intern op 19th Sep Early"]
[Site "Chess.com INT"]
[Date "2023.09.19"]
[Round "2"]
[White "Smietanska, Wiktoria"]
[Black "Centron Antuna, Daniel"]
[Result "0-1"]
[WhiteElo "2071"]
[BlackElo "2303"]
[PlyCount "90"]
[EventDate "2023.09.19"]
[EventType "swiss (blitz)"]
[EventRounds "11"]
[EventCountry "USA"]
[SourceTitle "EXT 2024"]
[Source "ChessBase"]
[SourceDate "2023.10.10"]
[SourceVersion "1"]
[SourceVersionDate "2023.10.10"]
[SourceQuality "1"]

1. c4 Nf6 2. Nc3 c5 3. Nf3 g6 4. d4 cxd4 5. Nxd4 Bg7 6. e4 d6 7. Be2 0-0 8. 0-0 Nc6 9. Be3 Bd7 10. f3 Rc8 11. Qd2 a6 12. Rac1 Qa5 13. Rfd1 Rfe8 14. Nd5 Qxd2 15. Rxd2 Nxd4 16. Bxd4 Nxd5 17. Bxg7 Kxg7 18. exd5 a5 19. Re1 Kf6 20. Bd3 Rc5 21. b3 b5 22. Rde2 bxc4 23. Bxc4 Bb5 24. Re4 Bxc4 25. bxc4 Rc7 26. Kf2 Rec8 27. Rc1 e6 28. dxe6 fxe6 29. Rce1 e5 30. f4 Rc5 31. fxe5+ dxe5 32. Kf3 Ke6 33. Kf2 Kd6 34. Rd1+ Ke6 35. Rde1 R8c6 36. g3 a4 37. Kg2 Rb6 38. Kh3 Rb2 39. a3 Rb3 40. Ra1 Rc3 41. Kh4 R3xc4 42. Rxc4 Rxc4+ 43. Kg5 Rc2 44. h4 Rg2 45. g4 e4 0-1

[Event "ESP-ch 86th"]
[Site "Linares"]
[Date "2021.08.24"]
[Round "9"]
[White "Rey Martinez, Jaime"]
[Black "Centron Antuna, Daniel"]
[Result "0-1"]
[WhiteElo "2064"]
[BlackElo "2235"]
[PlyCount "134"]
[EventDate "2021.08.16"]
[EventType "swiss"]
[EventRounds "9"]
[EventCountry "ESP"]
[SourceTitle "CBM 204 Extra"]
[Source "ChessBase"]
[SourceDate "2021.11.30"]
[SourceVersion "1"]
[SourceVersionDate "2021.11.30"]
[SourceQuality "1"]

1. e4 e6 2. d4 d5 3. Nc3 Nf6 4. e5 Nfd7 5. f4 c5 6. Nf3 Nc6 7. Be3 Qb6 8. Na4 Qa5+ 9. c3 cxd4 10. b4 Nxb4 11. cxb4 Bxb4+ 12. Bd2 f6 13. Nb2 fxe5 14. fxe5 Bc3 15. Nxd4 Nxe5 16. Bxc3 Qxc3+ 17. Qd2 Qxd2+ 18. Kxd2 Nc6 19. Bb5 Bd7 20. Bxc6 bxc6 21. Nd3 Ke7 22. Rac1 Kd6 23. Rhe1 Rac8 24. Ne5 Rhe8 25. Nb3 Re7 26. Nc5 Be8 27. Kd3 Rb8 28. Nb3 a5 29. Re2 c5 30. Nxc5 Bb5+ 31. Kd4 Rf8 32. g3 Rf5 33. Rb2 Rxe5 34. Rxb5 Re2 35. Rb6+ Kc7 36. Na4+ Kd7 37. Nc5+ Ke8 38. Nd3 Re4+ 39. Kc5 Rc7+ 40. Kd6 Rd7+ 41. Kc6 Ke7 42. Nc5 Rd6+ 43. Kc7 Rxb6 44. Kxb6 Re2 45. a4 Rb2+ 46. Kc6 Rxh2 47. Re1 Rh6 48. Nb7 Rg6 49. Nxa5 Rxg3 50. Nb7 Ra3 51. Nc5 Kf7 52. Kd6 h5 53. Rf1+ Kg6 54. Kxe6 h4 55. Rg1+ Rg3 56. Rh1 Kh5 57. Kxd5 Ra3 58. Ke4 g5 59. Rh2 g4 60. Kf4 h3 61. Rh1 Kh4 62. Ne4 Rxa4 63. Rg1 g3 64. Kf3 Rxe4 65. Kxe4 h2 66. Rh1 Kh3 67. Kf3 g2 0-1

[Event "ESP-ch 86th"]
[Site "Linares"]
[Date "2021.08.23"]
[Round "8"]
[White "Centron Antuna, Daniel"]
[Black "Yuste Valenzuela, Alejandro"]
[Result "1/2-1/2"]
[WhiteElo "2235"]
[BlackElo "1889"]
[PlyCount "150"]
[EventDate "2021.08.16"]
[EventType "swiss"]
[EventRounds "9"]
[EventCountry "ESP"]
[SourceTitle "CBM 204 Extra"]
[Source "ChessBase"]
[SourceDate "2021.11.30"]
[SourceVersion "1"]
[SourceVersionDate "2021.11.30"]
[SourceQuality "1"]

1. d4 Nf6 2. Bf4 g6 3. Nc3 d5 4. e3 Bg7 5. h4 h5 6. Nf3 0-0 7. Nb5 Na6 8. Bd3 Bg4 9. Qd2 Ne4 10. Qa5 c6 11. Qxd8 Rfxd8 12. Nc3 Nxc3 13. bxc3 c5 14. Rb1 c4 15. Be2 b6 16. Ne5 Bxe5 17. Bxe5 Bxe2 18. Kxe2 f6 19. Bh2 Nb8 20. g4 Nc6 21. gxh5 gxh5 22. Rb5 Kf7 23. Rg1 e6 24. e4 Ne7 25. f3 Rg8 26. Rxg8 Rxg8 27. Kf2 f5 28. Bd6 Nc8 29. Bf4 fxe4 30. fxe4 Rg4 31. Ke3 a6 32. Rb1 Rxh4 33. exd5 exd5 34. Rf1 Kg6 35. Be5 Re4+ 36. Kd2 Kg5 37. Rf7 b5 38. Rg7+ Kf5 39. Rf7+ Kg4 40. Rd7 h4 41. Rxd5 h3 42. Rd7 Kf3 43. Rf7+ Kg2 44. Rg7+ Kf1 45. Rh7 Re2+ 46. Kc1 Re3 47. Rf7+ Ke2 48. Bh2 Nb6 49. Rf6 Nd5 50. Rxa6 Nxc3 51. Kb2 Na4+ 52. Kc1 c3 53. d5 Kf1 54. Re6 Re1+ 55. Rxe1+ Kxe1 56. a3 Nc5 57. d6 Ke2 58. Be5 Kf3 59. Kd1 Ke4 60. Bh2 Kd5 61. Ke2 Kc6 62. Ke3 Nb7 63. Kd4 Nxd6 64. Kxc3 Nf5 65. Kb4 Ne3 66. Kb3 Kd5 67. Kb4 Kc6 68. Kb3 Nf5 69. c4 Nd4+ 70. Kc3 Nf3 71. cxb5+ Kxb5 72. Bg3 Ng5 73. Kd3 Ka4 74. Ke3 Kxa3 75. Kf4 Ne6+ 1/2-1/2

[Event "ESP-ch 86th"]
[Site "Linares"]
[Date "2021.08.18"]
[Round "3"]
[White "Lopez de Turiso, Jose Angel"]
[Black "Centron Antuna, Daniel"]
[Result "1-0"]
[WhiteElo "1943"]
[BlackElo "2235"]
[PlyCount "113"]
[EventDate "2021.08.16"]
[EventType "swiss"]
[EventRounds "9"]
[EventCountry "ESP"]
[SourceTitle "CBM 204 Extra"]
[Source "ChessBase"]
[SourceDate "2021.11.30"]
[SourceVersion "1"]
[SourceVersionDate "2021.11.30"]
[SourceQuality "1"]

1. e4 c5 2. Nf3 a6 3. c3 e6 4. d4 d5 5. exd5 exd5 6. Be3 c4 7. b3 b5 8. a4 Bb7 9. axb5 axb5 10. Rxa8 Bxa8 11. b4 Nc6 12. Be2 Nf6 13. Bf4 Bd6 14. Bxd6 Qxd6 15. 0-0 0-0 16. Na3 Na7 17. Qc2 Bc6 18. Ra1 Ra8 19. Nb1 Nc8 20. Rxa8 Bxa8 21. Ne5 Qa6 22. Qb2 Qa4 23. Ng4 Nxg4 24. Bxg4 Nd6 25. g3 Kf8 26. Kf1 Ne4 27. Ke1 Bc6 28. Bd1 Qa7 29. f3 Nd6 30. Kf2 h5 31. Nd2 Bd7 32. Nf1 h4 33. Ne3 Be6 34. Bc2 g6 35. Bb1 hxg3+ 36. hxg3 Kg7 37. Kg1 Qa8 38. Kh1 Nc8 39. Kg1 Nb6 40. Nd1 Qa7 41. Kh1 Qb8 42. Qh2 Na4 43. Kg1 Qd8 44. Qe2 Qg5 45. Qe5+ Qxe5 46. dxe5 Kh6 47. Kf2 Kg5 48. Ke3 Bh3 49. Kd4 Bg2 50. f4+ Kg4 51. Ne3+ Kxg3 52. Nxg2 Kxg2 53. Bxg6 Nb6 54. Bxf7 Kf3 55. e6 Nc8 56. f5 Ne7 57. f6 1-0